50 Charaktere aus Zeichentrickserien - Statistiken

Allgemein
  • Dieses Quiz wurde 73 mal gespielt
  • Das Durchschnittsergebnis liegt bei 17 aus 50
Antwortstatistiken
Serie Name % Korrekt
Die Simpsons B Bart
90%
Die Simpsons H Homer
90%
Biene Maja W Willi
89%
Spongebob Schwammkopf P Patrick
79%
DuckTales D Dagobert / Donald
77%
Benjamin Blümchen K Karla Kolumna
76%
Benjamin Blümchen O Otto
76%
Arielle, die Meerjungfrau S Sebastian
76%
Winnie Puuh F Ferkel
71%
DuckTales T Tick / Trick / Track
68%
Heidi P Peter
66%
Winnie Puuh T Tigger
66%
Kim Possible R Ron / Rufus
58%
South Park K Kenny / Kyle
55%
Arielle, die Meerjungfrau F Fabius
53%
Biene Maja F Flip
52%
Spongebob Schwammkopf T Thaddäus
52%
Cosmo & Wanda T Timmy Turner
47%
Heidi C Clara
44%
Disneys Große Pause T T.J.
40%
Cosmo & Wanda V Vicky
34%
South Park S Stan
31%
Phineas und Ferb P Perry
27%
Chip und Chap T Trixi
24%
Weihnachtsmann & Co KG G Gilfi / Grantelbart
21%
Disneys Große Pause S Spinelli
21%
Bibi Blocksberg F Florian
19%
Chip und Chap S Samson / Summi
19%
Kim Possible W Wade
18%
Wickie F Faxe
16%
Phineas und Ferb C Candace
15%
Wickie H Halvar
15%
Fillmore! I Ingrid
15%
Gravity Falls M Mabel
13%
Bibi Blocksberg M Monika / Marita
11%
Lilo & Stitch N Nani
11%
Wochenend-Kids T Tino / Tish
11%
Gravity Falls D Dipper
10%
Käpt'n Balu K Kit Wolkenflitzer
10%
Wochenend-Kids L Lor
10%
Typisch Andy D Danny
8%
Doug P Patti
6%
Käpt'n Balu R Rebecca
6%
Lilo & Stitch J Dr. {Jamba} {Jookiba}
5%
Weihnachtsmann & Co KG J Jordi
5%
Doug S Skeeter
5%
Gummibärenbande C Cubbi / Cavin
3%
Gummibärenbande S Sunni
3%
Fillmore! V Vallejo
3%
Typisch Andy L Lori
2%
Keine übereinstimmenden Quizze gefunden
Verteilung der Resultate
Anzahl Personen mit jedem Resultat
Perzentil nach korrekt beantworteten Fragen
Ihre Resultats-Entwicklung
Sie haben dieses Quiz noch nicht gespielt